|
|
|
|
| LEADER |
00000nab a2200000 a 4500 |
| 001 |
vtls000681311 |
| 003 |
SK-MaSNL |
| 005 |
20260304233811.0 |
| 008 |
250425c1998 xo 0 slo |
| 015 |
|
|
|a SNBRB1998/12-33480
|
| 035 |
|
|
|a CLN000033478
|
| 035 |
|
|
|a urn:nbn:sk:snk-abbsb9
|
| 035 |
|
|
|a (urnnbn)urn:nbn:sk:snk:ar-006e5u
|
| 035 |
|
|
|a (uuid)20666201-82fc-41a9-b8b0-3285c4e912e3
|
| 040 |
|
|
|a SNKBUCL
|b slo
|c SNKBUCL
|e AACR2
|
| 041 |
0 |
|
|a slo
|
| 044 |
|
|
|a xo
|c SK
|
| 080 |
|
|
|a 504.54.03
|2 1997
|
| 100 |
1 |
|
|a Izakovičová, Zita,
|d 1959-
|4 aut
|9 94230
|
| 245 |
1 |
0 |
|a Socioekonomické faktory racionálneho využívania krajiny
|c Zita Izakovičová
|
| 300 |
|
|
|b Fotogr.
|
| 504 |
|
|
|a Res. angl.
|
| 504 |
|
|
|a Bibliogr. odkazy
|
| 650 |
0 |
7 |
|a využívanie krajiny
|2 snkbucl
|9 186151
|
| 655 |
|
7 |
|a články z novín a časopisov
|2 snkbucl
|9 267496
|
| 773 |
0 |
|
|t Životné prostredie
|g Roč. 32, č. 5 (1998), s. 255-259
|x 0044-4863
|
| 850 |
|
|
|a Slovenská národná knižnica
|
| 852 |
|
|
|a Slovenská národná knižnica
|
| 954 |
|
|
|a odborná, vedecká literatúra pôvodná (slovenská)
|2 lita
|
| 958 |
|
|
|a article15
|
| 958 |
|
|
|a OND
|
| 958 |
|
|
|a NB
|
| 958 |
|
|
|a EUIPO
|
| 992 |
|
|
|a RBX
|
| 999 |
|
|
|c 3200305
|d 3202235
|